Elementry Engineering Drawing (Record no. 183087)
[ view plain ]
| 000 -LEADER | |
|---|---|
| fixed length control field | 01114 a2200181 4500 |
| 003 - CONTROL NUMBER IDENTIFIER | |
| control field | Nust |
| 005 - DATE AND TIME OF LATEST TRANSACTION | |
| control field | 20221017131127.0 |
| 040 ## - CATALOGING SOURCE | |
| Transcribing agency | Nust |
| 082 ## - DEWEY DECIMAL CLASSIFICATION NUMBER | |
| Classification number | 604.2,BHA |
| 100 ## - MAIN ENTRY--PERSONAL NAME | |
| Personal name | Bhatt.N.D |
| 245 ## - TITLE STATEMENT | |
| Title | Elementry Engineering Drawing |
| Statement of responsibility, etc. | N.D Bhatt |
| Remainder of title | plane and solid geometry |
| 250 ## - EDITION STATEMENT | |
| Edition statement | 49th edition |
| 260 ## - PUBLICATION, DISTRIBUTION, ETC. | |
| Place of publication, distribution, etc. | Karachi |
| Name of publisher, distributor, etc. | Asian Book Centre |
| Date of publication, distribution, etc. | 2006 |
| 300 ## - PHYSICAL DESCRIPTION | |
| Other physical details | 490:p |
| 505 ## - FORMATTED CONTENTS NOTE | |
| Formatted contents note | Drawing Instruments And Their Uses (Page-1),Types Of Lines Lettering And Dimensioning (Page-26), Geometrical Construction(Page-33),Scales (Page-78),Loci Of Points (Page-95),Curves Used In Engineering (Page-107),Orthographic Projection (Page-142),Projection Of Points (Page-148),Projection Of Straight Lines (Page-153),Projection Of Planes (Page-202),Projection On Auxiliary Planes (Page-214),Projection Of Solids (Page-229),Developments Of Surface (Page-273),Helices And Screw Threads (Page-296),Isometric Projection (Page-304) Sections Of Solids (Page-335),Intersection Of Surfaces(Page-379),Conversion Of Pictorial Views (Page-419),Perspective Projection (Page-435). |
| 650 ## - SUBJECT ADDED ENTRY--TOPICAL TERM | |
| Topical term or geographic name entry element | Engineering Drawing |
| 9 (RLIN) | 73872 |
| 942 ## - ADDED ENTRY ELEMENTS (KOHA) | |
| Source of classification or shelving scheme | |
| Koha item type | Book |
| Withdrawn status | Lost status | Source of classification or shelving scheme | Damaged status | Not for loan | Permanent Location | Current Location | Shelving location | Date acquired | Full call number | Barcode | Date last seen | Price effective from | Koha item type | Public note | Collection code | Total Checkouts |
|---|---|---|---|---|---|---|---|---|---|---|---|---|---|---|---|---|
| Military College of Signals (MCS) | Military College of Signals (MCS) | General Stacks | 12/12/2016 | 604.2,BHA | MCS36284 | 12/08/2016 | 12/12/2016 | Book | Almirah No.26, Shelf No.1 | |||||||
| Military College of Signals (MCS) | Military College of Signals (MCS) | 12/12/2016 | 604.2.BHA | MCS6002 | 12/08/2016 | 12/12/2016 | Book |
